[Event "40. Open Ciudad de Sevilla 2015"]
[Site "Sevilla ESP"]
[Date "2015.01.27"]
[Round "4.17"]
[White "Silva Lucena, Cristian"]
[Black "Marquez Marvizon, Alejandra"]
[Result "1-0"]
[WhiteElo "2200"]
[BlackElo "1972"]
[PlyCount "83"]
[EventDate "2015.01.25"]
[EventType "swiss"]
[EventRounds "9"]
[EventCountry "ESP"]
[Source "lmi"]
[SourceDate "2015.01.25"]

1. e4 e6 2. d4 d5 3. e5 c5 4. c3 Qb6 5. Nf3 Nc6 6. a3 Nh6 7. b4 cxd4 8. cxd4
Nf5 9. Bb2 Be7 10. Bd3 O-O 11. Bxf5 exf5 12. Nc3 Be6 13. Qd3 a5 14. Na4 Qd8 15.
b5 Na7 16. O-O Rc8 17. Nd2 Bd7 18. Nc3 a4 19. Rfe1 Nxb5 20. Nxd5 Bg5 21. Nb4
Nc7 22. Rad1 Be6 23. Nc4 Nd5 24. Nd6 Ra8 25. Nxf5 Nf4 26. Qe4 Ra5 27. Nd6 Qd7
28. Bc1 Nd5 29. Bxg5 Nc3 30. Qe3 Nxd1 31. Rxd1 Bb3 32. Re1 f6 33. Bf4 fxe5 34.
Bxe5 Raa8 35. f4 b6 36. f5 Ra7 37. Qg3 Kh8 38. Rc1 Rc7 39. Qg5 b5 40. f6 Kg8
41. fxg7 Rfc8 42. Nf5 1-0

[Event "40. Open Ciudad de Sevilla 2015"]
[Site "Sevilla ESP"]
[Date "2015.01.27"]
[Round "4.18"]
[White "Jimenez Morales, Miguel"]
[Black "Nuevo Perez, Antonio"]
[Result "1-0"]
[WhiteElo "1972"]
[BlackElo "2187"]
[PlyCount "59"]
[EventDate "2015.01.25"]
[EventType "swiss"]
[EventRounds "9"]
[EventCountry "ESP"]
[Source "lmi"]
[SourceDate "2015.01.25"]

1. a3 e5 2. b4 d5 3. Bb2 f6 4. e3 a5 5. b5 c5 6. c4 d4 7. g3 Be6 8. Qc2 Qd7 9.
d3 Bd6 10. Bg2 f5 11. exd4 cxd4 12. Nf3 Nf6 13. O-O O-O 14. Re1 Qc7 15. Nxd4
Bc8 16. Nf3 Nbd7 17. Nbd2 Ra7 18. d4 exd4 19. Nxd4 Ne5 20. b6 Qxb6 21. Nb5 Neg4
22. Nb3 Ra8 23. Bd4 Qa6 24. h3 Nh6 25. Nxd6 Qxd6 26. Bc5 Qc7 27. Bxf8 Kxf8 28.
Rad1 Bd7 29. Nd4 Kg8 30. c5 1-0

[Event "40. Open Ciudad de Sevilla 2015"]
[Site "Sevilla ESP"]
[Date "2015.01.27"]
[Round "4.19"]
[White "Rodriguez Perez, Angel Mariano"]
[Black "Cross, Dominic"]
[Result "1/2-1/2"]
[WhiteElo "2171"]
[BlackElo "1944"]
[PlyCount "81"]
[EventDate "2015.01.25"]
[EventType "swiss"]
[EventRounds "9"]
[EventCountry "ESP"]
[Source "lmi"]
[SourceDate "2015.01.25"]

1. e4 e6 2. d4 d5 3. exd5 exd5 4. Bf4 Nf6 5. Nc3 c6 6. Qd2 Bf5 7. O-O-O Be7 8.
f3 h6 9. g4 Bh7 10. h4 Bg6 11. Nge2 Na6 12. Bh3 h5 13. g5 Nd7 14. Ng3 b5 15.
Bf5 O-O 16. Rde1 Nb6 17. Bxg6 fxg6 18. Qe3 Rxf4 19. Qxf4 Bd6 20. Re8+ Kh7 21.
Re5 Nc4 22. Nxh5 Qc7 23. Rhe1 Bxe5 24. dxe5 gxh5 25. g6+ Kxg6 26. Rg1+ Kh7 27.
Qf5+ Kg8 28. Qe6+ Qf7 29. Qxc6 Nb4 30. Qxa8+ Kh7 31. b3 Qf4+ 32. Kb1 Nd2+ 33.
Kc1 Nxf3+ 34. Kb1 Nd2+ 35. Kc1 Nc4+ 36. Kb1 Nd2+ 37. Kc1 Nc4+ 38. Kb1 Nd2+ 39.
Kc1 Nf1+ 40. Kb1 Nd2+ 41. Kc1 1/2-1/2

[Event "40. Open Ciudad de Sevilla 2015"]
[Site "Sevilla ESP"]
[Date "2015.01.27"]
[Round "4.20"]
[White "Leite, Catarina"]
[Black "Fernandez Quintero, Jose Anton"]
[Result "1-0"]
[WhiteElo "2136"]
[BlackElo "1914"]
[PlyCount "63"]
[EventDate "2015.01.25"]
[EventType "swiss"]
[EventRounds "9"]
[EventCountry "ESP"]
[Source "lmi"]
[SourceDate "2015.01.25"]

1. e4 e6 2. d4 d5 3. Nd2 Nc6 4. Ngf3 Nf6 5. e5 Nd7 6. c3 f6 7. Bd3 fxe5 8. dxe5
Bc5 9. Nb3 Be7 10. h4 Nc5 11. Nxc5 Bxc5 12. Qc2 h6 13. Bg6+ Kd7 14. b4 Bb6 15.
Qa4 Qf8 16. O-O Kd8 17. b5 Ne7 18. Ba3 Bd7 19. Rad1 Be8 20. Bxe8 Kxe8 21. c4
Qf4 22. Bxe7 Kxe7 23. Qa3+ c5 24. bxc6+ Kf7 25. cxb7 Rab8 26. c5 Bc7 27. c6
Bxe5 28. Nxe5+ Qxe5 29. Qxa7 Qc7 30. Rc1 Rhd8 31. Rfd1 Rd6 32. Qxb8 1-0

[Event "40. Open Ciudad de Sevilla 2015"]
[Site "Sevilla ESP"]
[Date "2015.01.28"]
[Round "5.1"]
[White "Perez Mitjans, Orelvis"]
[Black "Krysa, Leandro"]
[Result "1-0"]
[WhiteElo "2463"]
[BlackElo "2457"]
[PlyCount "59"]
[EventDate "2015.01.25"]
[EventType "swiss"]
[EventRounds "9"]
[EventCountry "ESP"]
[Source "lmi"]
[SourceDate "2015.01.25"]

1. e4 e5 2. Nf3 Nc6 3. Bb5 a6 4. Ba4 Nf6 5. d3 b5 6. Bb3 Bc5 7. a4 Bb7 8. O-O
d6 9. Nc3 b4 10. Nd5 Na5 11. Bg5 Nxb3 12. Bxf6 gxf6 13. cxb3 f5 14. Rc1 Rg8 15.
Re1 c6 16. Ne3 Bxe3 17. Rxe3 f4 18. Re2 c5 19. Nd2 Qh4 20. f3 Rg6 21. d4 exd4
22. e5 d3 23. Rf2 dxe5 24. Rxc5 Qe7 25. Qc1 Rd8 26. Rc7 Rd7 27. Rxb7 Rxb7 28.
Qc8+ Qd8 29. Qxb7 Qd4 30. Nc4 1-0

[Event "40. Open Ciudad de Sevilla 2015"]
[Site "Sevilla ESP"]
[Date "2015.01.28"]
[Round "5.2"]
[White "Stopa, Jacek"]
[Black "Granero Roca, Antonio"]
[Result "1-0"]
[WhiteElo "2531"]
[BlackElo "2404"]
[PlyCount "63"]
[EventDate "2015.01.25"]
[EventType "swiss"]
[EventRounds "9"]
[EventCountry "ESP"]
[Source "lmi"]
[SourceDate "2015.01.25"]

1. d4 Nf6 2. c4 e6 3. Nc3 Bb4 4. f3 c5 5. d5 O-O 6. e4 d6 7. Nge2 exd5 8. cxd5
Nbd7 9. Ng3 a6 10. Bd3 b5 11. O-O Re8 12. Bc2 c4 13. Kh1 Qc7 14. Qd2 Qd8 15.
Nf5 Ne5 16. g4 Bxf5 17. gxf5 Nfd7 18. Qg2 Kh8 19. Rg1 Rg8 20. Qh3 Qe7 21. Bg5
f6 22. Bd2 g5 23. fxg6 Rxg6 24. Rxg6 Nxg6 25. Bh6 Nde5 26. Ne2 Nd3 27. Bxd3
cxd3 28. Nd4 Qa7 29. Nc6 Qf2 30. Nxb4 d2 31. Qf1 Qd4 32. Nd3 1-0

[Event "40. Open Ciudad de Sevilla 2015"]
[Site "Sevilla ESP"]
[Date "2015.01.28"]
[Round "5.3"]
[White "Matamoros Franco, Carlos S"]
[Black "Sgnaolin, Davide"]
[Result "1-0"]
[WhiteElo "2523"]
[BlackElo "2219"]
[PlyCount "93"]
[EventDate "2015.01.25"]
[EventType "swiss"]
[EventRounds "9"]
[EventCountry "ESP"]
[Source "lmi"]
[SourceDate "2015.01.25"]

1. Nf3 c5 2. c4 Nc6 3. d4 cxd4 4. Nxd4 g6 5. e4 Bg7 6. Be3 Nf6 7. Nc3 Ng4 8.
Qxg4 Nxd4 9. Qd1 Ne6 10. Rc1 b6 11. Bd3 Bb7 12. O-O O-O 13. Bb1 Rc8 14. b3 d6
15. f4 Nc5 16. f5 Nd7 17. Qg4 Ne5 18. Qg3 Bc6 19. Nd5 Bxd5 20. exd5 Qd7 21. a4
Rb8 22. Kh1 a6 23. Bd4 Bf6 24. fxg6 hxg6 25. Rce1 Kg7 26. Rxe5 dxe5 27. Bxe5
Bxe5 28. Qxe5+ f6 29. Qe4 Qe8 30. Re1 Qf7 31. Qd4 Rb7 32. Re3 Rh8 33. Kg1 Rh5
34. Rg3 Rh6 35. Bf5 a5 36. h4 Kf8 37. Bc8 Rb8 38. Qf4 Rxc8 39. Qxh6+ Qg7 40.
Qxg6 Qxg6 41. Rxg6 Kf7 42. Rg4 e6 43. dxe6+ Kxe6 44. Rd4 Ke5 45. Rd5+ Kf4 46.
Kf2 f5 47. Rd4+ 1-0

[Event "40. Open Ciudad de Sevilla 2015"]
[Site "Sevilla ESP"]
[Date "2015.01.28"]
[Round "5.4"]
[White "Barrero Garcia, Carlos"]
[Black "Oral, Tomas"]
[Result "0-1"]
[WhiteElo "2360"]
[BlackElo "2498"]
[PlyCount "51"]
[EventDate "2015.01.25"]
[EventType "swiss"]
[EventRounds "9"]
[EventCountry "ESP"]
[Source "lmi"]
[SourceDate "2015.01.25"]

1. d4 Nf6 2. c4 g6 3. f3 d5 4. cxd5 Nxd5 5. e4 Nb6 6. Nc3 Bg7 7. Be3 O-O 8. f4
Nc6 9. d5 Na5 10. Bd4 e5 11. Bxe5 Bxe5 12. fxe5 Re8 13. b3 c6 14. d6 Qh4+ 15.
g3 Qg5 16. Qd2 Qxe5 17. Nf3 Qc5 18. Rc1 Bg4 19. Be2 Rad8 20. Nd5 Qxd6 21. Nxb6
axb6 22. Qxd6 Rxd6 23. e5 Bf5 24. exd6 Be4 25. Kf2 Bd5 26. b4 0-1

[Event "40. Open Ciudad de Sevilla 2015"]
[Site "Sevilla ESP"]
[Date "2015.01.28"]
[Round "5.5"]
[White "Fernandez Romero, Ernesto"]
[Black "Medina Carrasco, Santiago"]
[Result "1-0"]
[WhiteElo "2483"]
[BlackElo "2200"]
[PlyCount "81"]
[EventDate "2015.01.25"]
[EventType "swiss"]
[EventRounds "9"]
[EventCountry "ESP"]
[Source "lmi"]
[SourceDate "2015.01.25"]

1. e4 d6 2. d4 Nf6 3. Nc3 g6 4. Be3 Bg7 5. Qd2 O-O 6. Bh6 c6 7. h4 Qa5 8. h5
Bxh6 9. Qxh6 g5 10. e5 dxe5 11. Qxg5+ Kh8 12. Nf3 Rg8 13. Qxe5 Qxe5+ 14. dxe5
Ng4 15. Bc4 Rf8 16. O-O Nd7 17. Rfe1 Nc5 18. Rad1 Nh6 19. Nd4 Bg4 20. Be2 Bxe2
21. Rxe2 Rad8 22. Red2 Ng4 23. Nf5 Ne6 24. Rd7 b5 25. Ne4 Rxd7 26. Rxd7 Rd8 27.
Rxd8+ Nxd8 28. Nfg3 Kg7 29. Nf5+ Kf8 30. Ng5 h6 31. f3 e6 32. fxg4 exf5 33.
Nh7+ Kg7 34. Nf6 fxg4 35. Nxg4 Ne6 36. Kf2 a6 37. g3 a5 38. Ne3 f6 39. Nf5+ Kh7
40. exf6 Nc5 41. f7 1-0

[Event "40. Open Ciudad de Sevilla 2015"]
[Site "Sevilla ESP"]
[Date "2015.01.28"]
[Round "5.6"]
[White "Blechzin, Igor"]
[Black "Lalic, Bogdan"]
[Result "1/2-1/2"]
[WhiteElo "2357"]
[BlackElo "2482"]
[PlyCount "28"]
[EventDate "2015.01.25"]
[EventType "swiss"]
[EventRounds "9"]
[EventCountry "ESP"]
[Source "lmi"]
[SourceDate "2015.01.25"]

1. d4 Nf6 2. Nf3 d5 3. c4 e6 4. g3 dxc4 5. Qa4+ Nbd7 6. Bg2 a6 7. Nc3 Be7 8.
O-O O-O 9. Qxc4 b5 10. Qd3 Bb7 11. Ng5 Bxg2 12. Kxg2 c5 13. dxc5 Nxc5 14. Qf3
h6 1/2-1/2

[Event "40. Open Ciudad de Sevilla 2015"]
[Site "Sevilla ESP"]
[Date "2015.01.28"]
[Round "5.7"]
[White "Perez Garcia, Roberto"]
[Black "Galego, Luis"]
[Result "0-1"]
[WhiteElo "2128"]
[BlackElo "2461"]
[PlyCount "46"]
[EventDate "2015.01.25"]
[EventType "swiss"]
[EventRounds "9"]
[EventCountry "ESP"]
[Source "lmi"]
[SourceDate "2015.01.25"]

1. d4 Nf6 2. Bg5 e6 3. e4 d6 4. Bd3 e5 5. Nf3 Nbd7 6. Nc3 Be7 7. O-O O-O 8. Ne2
h6 9. Bd2 exd4 10. Nfxd4 Nc5 11. Ng3 Re8 12. b4 Nxd3 13. cxd3 Bf8 14. f4 c5 15.
Ndf5 cxb4 16. a3 bxa3 17. Bc3 g6 18. Qf3 gxf5 19. Nh5 Nxh5 20. Qxh5 Bg7 21.
Bxg7 Kxg7 22. Rf3 Qf6 23. Re1 a2 0-1

[Event "40. Open Ciudad de Sevilla 2015"]
[Site "Sevilla ESP"]
[Date "2015.01.28"]
[Round "5.8"]
[White "Buijs Martin, Urtzi"]
[Black "Campora Sivori, Daniel"]
[Result "0-1"]
[WhiteElo "2118"]
[BlackElo "2456"]
[PlyCount "122"]
[EventDate "2015.01.25"]
[EventType "swiss"]
[EventRounds "9"]
[EventCountry "ESP"]
[Source "lmi"]
[SourceDate "2015.01.25"]

1. e4 c6 2. d4 d5 3. exd5 cxd5 4. Bd3 Nc6 5. c3 Nf6 6. Bf4 g6 7. Nf3 Bg7 8. O-O
O-O 9. Qd2 Bf5 10. Bxf5 gxf5 11. Bh6 Ne4 12. Qf4 e6 13. Nbd2 f6 14. Bxg7 Kxg7
15. Nxe4 fxe4 16. Nh4 f5 17. Rae1 Qe7 18. Re3 Rf6 19. Rh3 Kh8 20. Re1 Rg8 21.
Rg3 Rgf8 22. Rd1 Qf7 23. Re1 a6 24. Rg5 Rg8 25. Rxg8+ Kxg8 26. Re3 Kf8 27. Rg3
Ke8 28. a4 Kd7 29. b4 Qf8 30. Rg5 Rf7 31. Rh5 Qd6 32. Qg5 Ne7 33. Rh6 Qc6 34.
g3 Qxc3 35. Qh5 Qc1+ 36. Kg2 f4 37. Rxh7 f3+ 38. Kh3 Rxh7 39. Qxh7 Qg5 40. Qf7
Qh6 41. g4 Kd8 42. Kg3 Nc6 43. Ng6 Nxd4 44. Qf6+ Kc7 45. Qxd4 Qxg6 46. Qe5+ Kd7
47. h4 Qf7 48. h5 Qf8 49. Qd4 Qd6+ 50. Kh4 e5 51. Qa7 Qe7+ 52. g5 Qxb4 53. Qe3
Qb1 54. g6 d4 55. Qa3 e3 56. Qc5 Qe4+ 57. Kg3 e2 58. g7 e1=Q 59. Qc8+ Kxc8 60.
g8=Q+ Kc7 61. Qg7+ Kb6 0-1

[Event "40. Open Ciudad de Sevilla 2015"]
[Site "Sevilla ESP"]
[Date "2015.01.28"]
[Round "5.9"]
[White "Starostits, Ilmars"]
[Black "Mcmahon, Daire"]
[Result "1-0"]
[WhiteElo "2441"]
[BlackElo "2147"]
[PlyCount "32"]
[EventDate "2015.01.25"]
[EventType "swiss"]
[EventRounds "9"]
[EventCountry "ESP"]
[Source "lmi"]
[SourceDate "2015.01.25"]

1. d4 Nf6 2. Nf3 d5 3. c4 e6 4. Nc3 Bb4 5. Qa4+ Nc6 6. Ne5 Bd7 7. Nxd7 Qxd7 8.
e3 O-O 9. Bd2 a6 10. Qc2 Rfe8 11. a3 Bf8 12. cxd5 exd5 13. Be2 Ne4 14. O-O Nxc3
15. bxc3 b5 16. Qd3 g6 1-0

[Event "40. Open Ciudad de Sevilla 2015"]
[Site "Sevilla ESP"]
[Date "2015.01.28"]
[Round "5.10"]
[White "Naranjo Moreno, Antonio"]
[Black "Borondo Garcia, Raul"]
[Result "1-0"]
[WhiteElo "2285"]
[BlackElo "2009"]
[PlyCount "65"]
[EventDate "2015.01.25"]
[EventType "swiss"]
[EventRounds "9"]
[EventCountry "ESP"]
[Source "lmi"]
[SourceDate "2015.01.25"]

1. e4 c5 2. Nf3 e6 3. d4 cxd4 4. Nxd4 a6 5. Bd3 Nc6 6. Be3 Qc7 7. Nc3 Nf6 8.
O-O Bd6 9. h3 Nxd4 10. Bxd4 Bc5 11. Bxf6 gxf6 12. Qg4 Bd4 13. Nd1 Qe5 14. c3
Ba7 15. Qg7 Rf8 16. Ne3 Qg5 17. Qxg5 fxg5 18. e5 h5 19. Be2 Rh8 20. Nc4 Ke7 21.
Bf3 Rb8 22. Rad1 b5 23. Nd6 h4 24. Ne4 Rg8 25. Rd2 Rg7 26. Rfd1 d5 27. exd6+
Kd8 28. d7 Bb7 29. Nf6 Rg6 30. Ng4 f6 31. Bxb7 Rxb7 32. Rd6 Bb8 33. Rxe6 1-0

[Event "40. Open Ciudad de Sevilla 2015"]
[Site "Sevilla ESP"]
[Date "2015.01.28"]
[Round "5.11"]
[White "Diaz Castro, Sergio"]
[Black "De Dios Ortega, Juan Manuel"]
[Result "0-1"]
[WhiteElo "2255"]
[BlackElo "2004"]
[PlyCount "72"]
[EventDate "2015.01.25"]
[EventType "swiss"]
[EventRounds "9"]
[EventCountry "ESP"]
[Source "lmi"]
[SourceDate "2015.01.25"]

1. e4 d6 2. d4 Nf6 3. Nc3 e5 4. Nf3 Nbd7 5. Bc4 Be7 6. O-O O-O 7. a4 c6 8. Re1
a5 9. h3 b6 10. Ba2 Bb7 11. Be3 Qc7 12. Nh4 exd4 13. Qxd4 Nc5 14. Nf5 Rad8 15.
Rad1 Bc8 16. Nxe7+ Qxe7 17. Bf4 Ne8 18. Bg3 Kh8 19. e5 d5 20. Bh4 g5 21. Bxg5
Qxg5 22. e6+ f6 23. e7 Rg8 24. g3 Rd6 25. b4 axb4 26. Qxb4 Bxh3 27. a5 Qg4 28.
Qxg4 Bxg4 29. axb6 Bxd1 30. Na4 Nb7 31. Rxd1 Rg7 32. c4 dxc4 33. Re1 Rg4 34.
Nb2 c3 35. Bf7 cxb2 36. Bxe8 Re4 0-1

[Event "40. Open Ciudad de Sevilla 2015"]
[Site "Sevilla ESP"]
[Date "2015.01.28"]
[Round "5.12"]
[White "Gaitan Ramirez, Alfonso"]
[Black "Gavilan Diaz, Mario"]
[Result "1/2-1/2"]
[WhiteElo "2012"]
[BlackElo "2250"]
[PlyCount "80"]
[EventDate "2015.01.25"]
[EventType "swiss"]
[EventRounds "9"]
[EventCountry "ESP"]
[Source "lmi"]
[SourceDate "2015.01.25"]

1. e4 Nf6 2. e5 Nd5 3. d4 d6 4. c4 Nb6 5. exd6 exd6 6. Nc3 Be7 7. Be2 O-O 8.
Nf3 Bg4 9. O-O Nc6 10. b3 Re8 11. h3 Bh5 12. Be3 Bf6 13. Qd2 d5 14. c5 Nc8 15.
g4 Bg6 16. g5 Be7 17. Bb5 Bf8 18. Bxc6 bxc6 19. Ne5 Bf5 20. Nxc6 Qd7 21. Ne5
Qe6 22. Ne2 Bxh3 23. Nf4 Qf5 24. Nxh3 Qxh3 25. Bf4 f6 26. gxf6 gxf6 27. Qd3 Qh4
28. Bg3 Qg5 29. Qf3 Ne7 30. Qg4 Nf5 31. Nd7 Qxg4 32. Nxf6+ Kg7 33. Nxg4 h5 34.
Be5+ Kg6 35. Ne3 c6 36. Nxf5 Kxf5 37. Rac1 Bh6 38. Rc3 Rg8+ 39. Rg3 h4 40. Rg2
Ke4 1/2-1/2

[Event "40. Open Ciudad de Sevilla 2015"]
[Site "Sevilla ESP"]
[Date "2015.01.28"]
[Round "5.13"]
[White "Diaz Castro, Ismael"]
[Black "Silva Lucena, Cristian"]
[Result "0-1"]
[WhiteElo "2006"]
[BlackElo "2200"]
[PlyCount "108"]
[EventDate "2015.01.25"]
[EventType "swiss"]
[EventRounds "9"]
[EventCountry "ESP"]
[Source "lmi"]
[SourceDate "2015.01.25"]

1. e4 e6 2. d4 d5 3. Nc3 Bb4 4. Bd3 c5 5. a3 Ba5 6. dxc5 Bxc3+ 7. bxc3 Nf6 8.
e5 Nfd7 9. Nf3 Nc6 10. Qe2 Qc7 11. Bf4 Nxc5 12. O-O Bd7 13. Ng5 h6 14. Qh5
O-O-O 15. Nxf7 Nxd3 16. Nd6+ Qxd6 17. exd6 Nxf4 18. Qf3 Ng6 19. Rab1 Nge5 20.
Qe3 Nc4 21. Qc5 Nd2 22. Qb5 Nxb1 23. Rxb1 b6 24. a4 Nb8 25. Qb4 Na6 26. Qd4 Nc5
27. a5 Kb7 28. Qxc5 Rc8 29. Rxb6+ Ka8 30. Qa3 axb6 31. axb6+ Kb7 32. Qa7+ Kc6
33. b7 Rb8 34. Qa6+ Kc5 35. Qa3+ Kb6 36. Qb4+ Kc6 37. Qa4+ Kxd6 38. Qf4+ e5 39.
Qb4+ Kc7 40. Qe7 Rhe8 41. Qxg7 Re6 42. f4 exf4 43. Qd4 Rxb7 44. Qxd5 Rb1+ 45.
Kf2 Rbe1 46. Qc4+ Kd8 47. Kf3 Bc6+ 48. Kg4 R6e4 49. Qd3+ Ke7 50. Kh5 Be8+ 51.
Kg4 f3+ 52. Kxf3 Bh5+ 53. Kf2 R1e2+ 54. Kf1 Rf4+ 0-1

[Event "40. Open Ciudad de Sevilla 2015"]
[Site "Sevilla ESP"]
[Date "2015.01.28"]
[Round "5.14"]
[White "Carrabeo Garcia, Manuel"]
[Black "Espejo Hava, Francisco"]
[Result "1-0"]
[WhiteElo "2160"]
[BlackElo "1983"]
[PlyCount "55"]
[EventDate "2015.01.25"]
[EventType "swiss"]
[EventRounds "9"]
[EventCountry "ESP"]
[Source "lmi"]
[SourceDate "2015.01.25"]

1. d4 Nf6 2. Nf3 e6 3. Bf4 b6 4. e3 Bb7 5. Nbd2 Be7 6. h3 d6 7. Bd3 d5 8. Ne5
O-O 9. Qf3 c5 10. c3 cxd4 11. exd4 a5 12. O-O Nfd7 13. Rfe1 f6 14. Qh5 f5 15.
Nxd7 Qxd7 16. Nf3 Nc6 17. Bb5 Bf6 18. Re3 g6 19. Qh6 Bg7 20. Qh4 Ba6 21. Bxc6
Qxc6 22. Ng5 h6 23. Nxe6 g5 24. Bxg5 hxg5 25. Qxg5 Rf7 26. Nd8 Qf6 27. Nxf7
Kxf7 28. Qh5+ 1-0

[Event "40. Open Ciudad de Sevilla 2015"]
[Site "Sevilla ESP"]
[Date "2015.01.28"]
[Round "5.15"]
[White "Reina Aguilar, Marcelo"]
[Black "Leite, Catarina"]
[Result "0-1"]
[WhiteElo "1991"]
[BlackElo "2136"]
[PlyCount "70"]
[EventDate "2015.01.25"]
[EventType "swiss"]
[EventRounds "9"]
[EventCountry "ESP"]
[Source "lmi"]
[SourceDate "2015.01.25"]

1. d4 Nf6 2. Nf3 e6 3. e3 b6 4. Bd3 Bb7 5. c4 Bb4+ 6. Nbd2 O-O 7. O-O Bxd2 8.
Nxd2 c5 9. b3 Nc6 10. Bb2 cxd4 11. exd4 d5 12. Nf3 Ba6 13. Re1 Ne7 14. Ne5 Rc8
15. Rc1 Ng6 16. Nxg6 hxg6 17. Re3 dxc4 18. bxc4 Bb7 19. f3 Qe7 20. Qb3 Rfd8 21.
a4 Bc6 22. Ra1 Rb8 23. Qc2 a6 24. Be4 Rdc8 25. Bxc6 Rxc6 26. Qe2 Rbc8 27. Rc1
R8c7 28. Ra3 Qd6 29. Qd3 Qf4 30. Rb3 Nd5 31. Qe4 Qd2 32. c5 Nf4 33. Rc2 Qd1+
34. Kf2 f5 35. Rc1 Qd2+ 0-1

[Event "40. Open Ciudad de Sevilla 2015"]
[Site "Sevilla ESP"]
[Date "2015.01.28"]
[Round "5.16"]
[White "Gimenez Iturralde, Daniel"]
[Black "Lopez Rodriguez, Fernando"]
[Result "1/2-1/2"]
[WhiteElo "1984"]
[BlackElo "2117"]
[PlyCount "22"]
[EventDate "2015.01.25"]
[EventType "swiss"]
[EventRounds "9"]
[EventCountry "ESP"]
[Source "lmi"]
[SourceDate "2015.01.25"]

1. e4 Nc6 2. Nf3 d6 3. d4 Bg4 4. Bb5 a6 5. Bxc6+ bxc6 6. h3 Bh5 7. Qd3 e6 8.
Bf4 Nf6 9. Nbd2 Be7 10. O-O O-O 11. Rfe1 Nd7 1/2-1/2

[Event "40. Open Ciudad de Sevilla 2015"]
[Site "Sevilla ESP"]
[Date "2015.01.28"]
[Round "5.17"]
[White "Aranaz Portugues, Jose Carlos"]
[Black "Jimenez Morales, Miguel"]
[Result "1-0"]
[WhiteElo "2106"]
[BlackElo "1972"]
[PlyCount "63"]
[EventDate "2015.01.25"]
[EventType "swiss"]
[EventRounds "9"]
[EventCountry "ESP"]
[Source "lmi"]
[SourceDate "2015.01.25"]

1. d4 f5 2. e4 fxe4 3. Nc3 Nf6 4. Bg5 g6 5. f3 e3 6. Bxe3 d5 7. Bd3 Bg7 8. Qd2
c6 9. Nge2 Nbd7 10. Nf4 Nb6 11. b3 O-O 12. g4 Ne8 13. O-O-O e5 14. dxe5 Bxe5
15. Bxg6 Qf6 16. Bxh7+ Kxh7 17. Qd3+ Bf5 18. gxf5 Qxf5 19. Ne6 Rf6 20. Ng5+ Kh8
21. Ne2 Qxd3 22. Rxd3 Rf8 23. f4 Bf6 24. Bc5 Rg8 25. Rh3+ Kg7 26. Rg1 Bxg5 27.
Rxg5+ Kf7 28. Re5 Nc8 29. Rf5+ Kg6 30. Rg5+ Kf7 31. Rh7+ Rg7 32. Rgxg7+ 1-0

[Event "40. Open Ciudad de Sevilla 2015"]
[Site "Sevilla ESP"]
[Date "2015.01.28"]
[Round "5.18"]
[White "Castillo Gomez, Jesus"]
[Black "Planas Gene, Juan"]
[Result "1/2-1/2"]
[WhiteElo "1974"]
[BlackElo "2053"]
[PlyCount "101"]
[EventDate "2015.01.25"]
[EventType "swiss"]
[EventRounds "9"]
[EventCountry "ESP"]
[Source "lmi"]
[SourceDate "2015.01.25"]

1. d4 Nf6 2. c4 e6 3. Nf3 b6 4. e3 Bb7 5. Bd3 Bb4+ 6. Bd2 Bxd2+ 7. Nbxd2 O-O 8.
Rc1 d6 9. Bb1 Nbd7 10. O-O Qe7 11. Re1 e5 12. Ng5 h6 13. Nge4 Nxe4 14. Bxe4
Bxe4 15. Nxe4 f5 16. Nc3 c6 17. b4 Nf6 18. Re2 Rad8 19. d5 c5 20. bxc5 bxc5 21.
Rb1 e4 22. h3 Nd7 23. Reb2 Ne5 24. Rb7 Rd7 25. Rxd7 Qxd7 26. Qb3 Qe7 27. Ne2
Qg5 28. Ng3 h5 29. Qd1 h4 30. Qh5 Qxh5 31. Nxh5 Nxc4 32. Rb7 Rf7 33. Rb8+ Kh7
34. Nf4 Nb6 35. Ne6 Re7 36. Nf8+ Kh6 37. Rd8 Nxd5 38. Rxd6+ Nf6 39. Rc6 c4 40.
Ne6 Rb7 41. Rxc4 Rb1+ 42. Kh2 Rb2 43. Ra4 Rxf2 44. Kg1 Re2 45. Nd4 Rd2 46.
Nxf5+ Kg5 47. Ne7 Nh5 48. Ra5+ Kf6 49. Ng8+ Kg6 50. Ne7+ Kf6 51. Ng8+ 1/2-1/2

[Event "40. Open Ciudad de Sevilla 2015"]
[Site "Sevilla ESP"]
[Date "2015.01.28"]
[Round "5.19"]
[White "Martin Rengel, Jose Maria"]
[Black "Hurtado Rueda, Manuel"]
[Result "1-0"]
[WhiteElo "1970"]
[BlackElo "2047"]
[PlyCount "109"]
[EventDate "2015.01.25"]
[EventType "swiss"]
[EventRounds "9"]
[EventCountry "ESP"]
[Source "lmi"]
[SourceDate "2015.01.25"]

1. e4 e6 2. d4 d5 3. Nd2 dxe4 4. Nxe4 Be7 5. Nf3 Nf6 6. Nxf6+ Bxf6 7. Bd3 Nc6
8. c3 O-O 9. O-O b6 10. Bf4 Bb7 11. Re1 g6 12. Qd2 Qd7 13. Be4 Rad8 14. h4 Rfe8
15. h5 e5 16. Bg5 Qe7 17. hxg6 hxg6 18. Bxc6 Bxg5 19. Nxg5 Bxc6 20. Qe3 f6 21.
Nf3 e4 22. Nh4 g5 23. Nf5 Qh7 24. Ng3 Kf7 25. c4 Bd7 26. Nxe4 Bf5 27. f3 Rh8
28. Ng3 Rde8 29. Qb3 Rxe1+ 30. Rxe1 Qh2+ 31. Kf2 Qh4 32. Qe3 Bc2 33. Qe7+ Kg6
34. Qd7 Rh7 35. Qe8+ Rf7 36. Qe3 Rd7 37. Qe8+ Rf7 38. Qg8+ Rg7 39. Qd5 c6 40.
Qd6 Qf4 41. Qxf4 gxf4 42. Ne2 Kf5 43. d5 c5 44. Nc3 Kg5 45. Re6 Rd7 46. Ne4+
Bxe4 47. fxe4 Rb7 48. Re8 Kg6 49. Kf3 Kf7 50. Ra8 b5 51. cxb5 Rxb5 52. Rxa7+
Ke8 53. b3 Rb4 54. Kxf4 c4 55. Ra4 1-0

[Event "40. Open Ciudad de Sevilla 2015"]
[Site "Sevilla ESP"]
[Date "2015.01.28"]
[Round "5.20"]
[White "Ruiz Alcaide, Juan Luis"]
[Black "Arroyo Rodriguez, Jesus"]
[Result "0-1"]
[WhiteElo "1854"]
[BlackElo "2040"]
[PlyCount "66"]
[EventDate "2015.01.25"]
[EventType "swiss"]
[EventRounds "9"]
[EventCountry "ESP"]
[Source "lmi"]
[SourceDate "2015.01.25"]

1. c4 Nf6 2. Nc3 d6 3. g3 g6 4. Bg2 Bg7 5. e4 e5 6. Nge2 O-O 7. O-O Be6 8. d3
Qd7 9. f4 Bh3 10. f5 Bxg2 11. Kxg2 h6 12. Nd5 Nxd5 13. cxd5 Rd8 14. Be3 c6 15.
Nc3 Na6 16. Qd2 Kh7 17. Rf2 Nc7 18. dxc6 bxc6 19. Raf1 g5 20. f6 Bf8 21. Bxg5
hxg5 22. Qxg5 Bh6 23. Qh4 Rg8 24. Rf5 Rg6 25. g4 Rh8 26. h3 Ne6 27. Ne2 d5 28.
Rxe5 dxe4 29. d4 e3 30. Nf4 Rg5 31. Nxe6 Rxe5 32. dxe5 Qd2+ 33. Kg3 e2 0-1

[Event "40. Open Ciudad de Sevilla 2015"]
[Site "Sevilla ESP"]
[Date "2015.01.29"]
[Round "6.1"]
[White "Perez Mitjans, Orelvis"]
[Black "Stopa, Jacek"]
[Result "1/2-1/2"]
[WhiteElo "2463"]
[BlackElo "2531"]
[PlyCount "76"]
[EventDate "2015.01.25"]
[EventType "swiss"]
[EventRounds "9"]
[EventCountry "ESP"]
[Source "lmi"]
[SourceDate "2015.01.25"]

1. e4 e5 2. Nf3 Nc6 3. Bb5 a6 4. Ba4 Nge7 5. c4 g6 6. d4 exd4 7. Nxd4 Bg7 8.
Be3 O-O 9. Nc3 d6 10. Bxc6 bxc6 11. O-O c5 12. Nde2 Rb8 13. Qd2 f5 14. Bg5 Qe8
15. Rae1 fxe4 16. Ng3 Qf7 17. Rxe4 Nc6 18. b3 Bf5 19. Ree1 Rbe8 20. Nxf5 gxf5
21. Nd5 Kh8 22. Bh6 Nd8 23. Qg5 c6 24. Qxg7+ Qxg7 25. Bxg7+ Kxg7 26. Nc3 Kf6
27. f4 h5 28. Kf2 h4 29. Rxe8 Rxe8 30. Rd1 Ke6 31. Re1+ Kd7 32. Rxe8 Kxe8 33.
g3 hxg3+ 34. Kxg3 Kf7 35. Na4 Ne6 36. Kf3 Nd4+ 37. Kg3 Ne2+ 38. Kf3 Nd4+
1/2-1/2